Popularne polskie piosenki w tym tygodniu. 25-31.12. - Statystyki

Ogólne statystyki
  • Ten quiz został rozwiązany 6 razy
  • Średni wynik to 10 z 30
Statystyki odpowiedzi
Artysta Wyświetlenia Utwór % Poprawnych
Guzior feat. Oskar83 2.13M FALA
83%
Sobel 1.28M Kinol
83%
Guzior 2.50M BLUEBERRY
67%
Quebonafide feat. Daria Zawiałow 631K BUBBLETEA
67%
Sanah 667K Szampan
67%
ReTo 648K Billy Kid
50%
Sobel 806K Impreza
50%
Qry feat. Mini Majk 951K Mały ale wariat
50%
Kabe 1.47M Nad ranem
50%
Kukon feat. Quebonafide 1.41M Piję wódę i słucham Ich Troje
50%
Wiatr feat. Sobel, Be Vis 1.32M Testarossa
50%
Florek feat. Młodypago, Piluś 967K Buzi
33%
BARANOVSKI 1.07M Lubię być z nią
33%
Quebonafide feat. Mick Jenkins 1.00M MATCHA LATTE
33%
Żabson feat. Vladimir Cauchemar 723K OBOK
33%
Ronnie Ferrari 776K Szubienica
33%
Quebonafide 937K TEEN KASIA
33%
Kizo feat. Trill Pem 1.09M Fitness
17%
Kubańczyk 807K Lady Pank 2
17%
Kubańczyk 630K Młody Kot
17%
Kwestia 07 786K Toksyna
17%
Guzior 588K TRAPSTAR
17%
Szpaku feat. Zdechły Osa 672K Zły
17%
Kali x Major feat. PlanBe 1.28M California
0%
Wac Toja 647K Kapitan
0%
Kali x Major 610K Mona Lisa
0%
Defis & MiłyPan 872K Musisz się starać
0%
Vivat 1.28M Oddam ci wszystko
0%
Cypis 1.04M Sylwestra nie będzie
0%
Dr.SWAG 812K Zerujemy 07
0%
Nie znaleziono quizów pasujących do podanych kryteriów
Rozkład punktacji
Procent ludzi z każdym wynikiem
Percentyl według liczby udzielonych odpowiedzi
Twoja historia wyników
Nie rozwiązałeś tego quizu